| 000 | 00367nam a2200145 a 4500 | ||
|---|---|---|---|
| 001 | 1554 | ||
| 003 | CDMR | ||
| 005 | 20130116135212.0 | ||
| 008 | 130130s2008||||||||||||||||||||||||||||d | ||
| 040 |
_aCDMR _bcat _cCPC LLEIDA |
||
| 110 | 2 |
_aLa Mañana _9142 |
|
| 245 | 1 | 0 |
_aHistòria gràfica de Lleida 1938-2008 _cLa Mañana |
| 260 |
_aLleida _c2008 _bLa Mañana |
||
| 942 | _cMON | ||
| 999 |
_c1554 _d1554 |
||